书目信息 |
| 题名: |
汇编语言程序设计
|
|
| 作者: | 王斌华 , 刘胜军 编著 | |
| 分册: | ||
| 出版信息: | 2004.02 |
|
| 页数: | 325页 | |
| 开本: | 26cm | |
| 丛书名: | ||
| 单 册: | ||
| 中图分类: | TP313 | |
| 科图分类: | ||
| 主题词: | 软件 | |
| 电子资源: | ||
| ISBN: | 7-81094-422-3 | |
| 000 | 00571nam0 2200193 45 | |
| 001 | 0458115356 | |
| 005 | 2004052816083534 | |
| 010 | @a7-81094-422-3@dCNY 26.00 | |
| 100 | @a20040528d2004 km y0chiy0120 ea | |
| 101 | 0 | @achi |
| 200 | 1 | @a汇编语言程序设计@AHui Bian Yu Yan Cheng Xu She Ji@f王斌华,刘胜军编著@FWang Bin Hua,Liu Sheng Jun Bian Zhu |
| 210 | @d2004.02 | |
| 215 | @a325页@d26cm | |
| 606 | 0 | @a软件 |
| 690 | @aTP313@v3 | |
| 701 | 0 | @a王斌华@AWang Bin Hua@4编著 |
| 701 | 0 | @a刘胜军@ALiu Sheng Jun@4编著 |
| 801 | 0 | @aCN@bPFT@c20040528 |
| 905 | @a安徽大学@dTP313@eW112 | |
| 汇编语言程序设计/王斌华,刘胜军编著.-2004.02 |
| 325页;26cm |
| ISBN 7-81094-422-3:CNY 26.00 |
| ● |
| 相关链接 |
|
|
|
正题名:汇编语言程序设计
索取号:TP313/W112
 
预约/预借
| 序号 | 登录号 | 条形码 | 馆藏地/架位号 | 状态 | 备注 |
| 1 | 378327 | 203783272 | 自科二线404/404自科库 13排1列2层/ [索取号:TP313/W112] | 在馆 | |
| 2 | 378328 | 203783281 | 自科库301/301自科库 50排6列3层/ [索取号:TP313/W112] | 在馆 | |
| 3 | 378329 | 203783290 | 自科库301/301自科库 50排6列3层/ [索取号:TP313/W112] | 在馆 |